QUEST Central Library Banner

Development and Testing of Foot Step Energy Generator (Record no. 58550)

MARC details
000 -LEADER
fixed length control field 00400nam a2200157Ia 4500
100 ## - MAIN ENTRY--AUTHOR NAME
Personal name 09ME24
100 ## - MAIN ENTRY--AUTHOR NAME
Personal name Zohaib Khalid
245 #0 - TITLE STATEMENT
Title Development and Testing of Foot Step Energy Generator
260 ## - PUBLICATION, DISTRIBUTION, ETC. (IMPRINT)
Place of publication Nawabshah
260 ## - PUBLICATION, DISTRIBUTION, ETC. (IMPRINT)
Name of publisher QUEST
260 ## - PUBLICATION, DISTRIBUTION, ETC. (IMPRINT)
Year of publication 2009
300 ## - PHYSICAL DESCRIPTION
Number of Pages 58
700 ## - ADDED ENTRY--PERSONAL NAME
Personal name Department of Mechanical Engineering
Holdings
Withdrawn status Lost status Home library Current library Date acquired Accession Number Koha item type
    Central Library, QUEST, Nawabshah Research Section 25/04/2018 MEP/23-279 Thesis and Dissertation

Copyright © 2018,The QUEST, Nawabshah, Shaheed Benazirabad. All rights reserved
Mr. G. Farooq Channar (Librarian) QUEST, Nawabshah, Sindh, Pakistan 67480.
 Ph#: |   0244-9370381-4 Ext. 2308   Email| lib@quest.edu.pk   Web|  http://www.quest.edu.pk